Розвиток жанру антиутопії в романах Дж.Орвелла "1984" та Ф.Пулмана "Північне сяйво" (Запис № 285049)

МАРК-запис
000 -LEADER
fixed length control field 02491nam a22001577a 4500
041 ## - LANGUAGE CODE
Language code of text/sound track or separate title ukr
080 ## - UNIVERSAL DECIMAL CLASSIFICATION NUMBER
Universal Decimal Classification number 09
090 ## - LOCALLY ASSIGNED LC-TYPE CALL NUMBER (OCLC); LOCAL CALL NUMBER (OCLC)
Local cutter number (OCLC) ; Book number/undivided call number, CALL (RLIN) СЛО
100 ## - MAIN ENTRY--PERSONAL NAME
Personal name Слободянюк К.Б.
245 ## - TITLE STATEMENT
Title Розвиток жанру антиутопії в романах Дж.Орвелла "1984" та Ф.Пулмана "Північне сяйво"
260 ## - PUBLICATION, DISTRIBUTION, ETC. (IMPRINT)
Place of publication, distribution, etc Острог
Name of publisher, distributor, etc КАФ
Date of publication, distribution, etc 2013
300 ## - PHYSICAL DESCRIPTION
Extent 99
520 ## - SUMMARY, ETC.
Summary, etc Розділ 1. Особливості англійської традиції антиутопії. Елементи субституції ральності.<br/>1.1. Формування жанру антиутопії в літературі Англії.<br/>1.2. Роман як найоптимальніша епічна структура для втілення антиутопії.<br/>1.3. Копія, симулякр, симуляція в романі-антиутопії.<br/>Розділ 2. Взаємозвязки романів Дж.Орвелла "1984" та Ф.Пулмана "Північне сяйво".<br/>2.1. Порівняльна характеристика героїв романів Дж.Орвелла "1984" та Ф.Пулмана "Північне сяйво".<br/>2.2. Сутність влади, механізми її втілення та владні структури.<br/>2.2.1. Владні інституції наддержави Океанії та світу деймонів.<br/>2.2.2. Англійський соціалізм в контексті доктрини Святої Церкви.<br/>2.2.3. Механізми реалізації влади.<br/>2.2.4. Кімната 101 і Больвангар — мовчазне пекло Океанії та світу деймонів.<br/>Розділ 3. Опис симуляційного рівня антиутопій Дж.Орвелла та Ф.Пулмана.<br/>3.1. Фальсифікація війни. Симулякр війни.<br/>3.2. Спотворення сутності влади. Симулякр влади.<br/>Розділ 4. Охорона праці. Вплив шуму.<br/>4.1. Основні законодавчі та нормативно-правові акти, що регулюють питання охорони праці.<br/>4.2. Поняття шуму в сфері охорони праці.<br/>4.3. Вплив шуму на здоровя людини.
-- Орвелл, Пулман, 1984, Північне сяйво, антиутопія
650 ## - SUBJECT ADDED ENTRY--TOPICAL TERM
Topical term or geographic name as entry element Research Papers
942 ## - ADDED ENTRY ELEMENTS (KOHA)
Koha item type Книги
Фонди
Withdrawn status Lost status Source of classification or shelving scheme Damaged status Not for loan Home library Current library Date acquired Source of acquisition Cost, normal purchase price Total Checkouts Full call number Barcode Date last seen Price effective from Koha item type
    Universal Decimal Classification     ВІЛ - Відділ іноземн. літератури НБ ВІЛ - Відділ іноземн. літератури НБ 21/10/2013 Акт №6 1.00   09 215103 09/11/2021 21/10/2013 Книги